000 01038cab a2200217 4500
001 X3232
008 090401t1996 xxu||||| |||| 00| 0 eng d
035 _a(Sirsi) u29342
041 _aeng
245 _aNorth Devon DC (Tews Lane, bickington) Compulsory Purchase Order 1994
260 _c1996
350 _a0
490 _aPlanning Appeal Decisions
_v1996 11 PAD 62-69(8)
520 _aDecision letter 12 September 1995. CPO. Recreational facilities.s Non-statutory objection. Structure and local plans. Draft minerals locaal plan. Draft local plan. Earlier planning permissions. Need for playing fields. Advantages of site. Other possible sites. Clay worings and tip areas nearby. Whether danger to children. Site`s suitability for proposed use. (Headnote from journal)
650 _aCOMPULSORY PURCHASE ORDER
650 _aPLAYING FIELDS
650 _aRECREATIONAL FACILITIES
690 _aENVIRONMENTAL AND LAND CONSULTANCY-PLANNING AND DEVELOPMENT-COMPULSORY PURCHASE AND COMPENSATION
942 _n0
948 _c04/03/1997
999 _c19768
_d19768